Demokratizácia Ukrajiny a politická kultúra ako vysvetľujúca koncepcia
Problémy a úspechy ukrajinskej demokracie. Postupná realizácia zmien. Slabá výkonnosť ekonomiky. Vplyv záujmových skupín na rozdelenie finančných tokov. Pôsobenie politickej kultúry na procesy demokratizácie.
Salvato in:
| Autore principale: | |
|---|---|
| Natura: | Capitolo di libro |
| Lingua: | slovacco |
| Soggetti: | |
| Tags: |
Nessun Tag, puoi essere il primo ad aggiungerne!!
|
MARC
| LEADER | 00000nla a2200000 4500 | ||
|---|---|---|---|
| 001 | 0241576 | ||
| 005 | 20241023140229.8 | ||
| 041 | 0 | |a slo | |
| 044 | |a SK | ||
| 245 | 1 | 0 | |a Demokratizácia Ukrajiny a politická kultúra ako vysvetľujúca koncepcia |c Tetyana Zubro |
| 520 | |a Problémy a úspechy ukrajinskej demokracie. Postupná realizácia zmien. Slabá výkonnosť ekonomiky. Vplyv záujmových skupín na rozdelenie finančných tokov. Pôsobenie politickej kultúry na procesy demokratizácie. | ||
| 610 | 2 | 0 | |a demokratizácia |
| 610 | 2 | 0 | |a štát |
| 610 | 2 | 0 | |a politika |
| 610 | 2 | 0 | |a kultúra |
| 610 | 2 | 0 | |a kultúra politická |
| 610 | 2 | 0 | |a skupiny záujmové |
| 610 | 2 | 0 | |a situácia hospodárska |
| 610 | 2 | 0 | |a spoločnosť |
| 610 | 2 | 0 | |a korupcia |
| 610 | 2 | 0 | |a Ukrajina |
| 100 | 1 | |a Zubro, Tetyana, 1975- | |